Statystyki dla Papieże XX i XXI wieku

Kliknij tutaj aby rozwiązać quiz!

Ogólne statystyki

  • Ten quiz został rozwiązany 422 razy
  • Średni wynik to 8 z 9

Statystyki odpowiedzi

Lata panowaniaPrzybrane imię% Poprawnych
2013-do dziśFranciszek
99%
1978Jan Paweł I
99%
1978-2005Jan Paweł II
99%
1914-1922Benedykt XV
94%
2005-2013Benedykt XVI
93%
1958-1963Jan XXIII
68%
1922-1939Pius XI
68%
1939-1958Pius XII
66%
1963-1978Paweł VI
65%

Rozkład punktacji

Percentyl według liczby udzielonych odpowiedzi

Procent ludzi z każdym wynikiem

Twoja historia wyników

Nie rozwiązałeś tego quizu